Responses for Show #6523 - Wednesday, January 16, 2013

Kristin Morgan game 6.

Contestants

[<< previous game]

James Hawthorne Jr., a special education teacher from Rochester, New York

Joan Blinn, a retired proofreader and editor from Chicago, Illinois

Kristin Morgan, a strategic analyst for NASA from Huntsville, Alabama (whose 5-day cash winnings total $69,098)

[next game >>]

Jeopardy! Round responses

HAPPIER REWRITTEN NOVEL ENDINGS
(Alex: You have to name the novel for us, of course.)
THE TRANSPORTER
ON TV 10 YEARS AGO
A LOTTA MOTTO
STATES' MOST POPULOUS CITIES
BIRDS WITHIN WORDS
(Alex: You have to name the bird found within the text of our clue.)
    $200 1
Moby-Dick

Kristin
    $200 20
buses

Kristin
    $200 24
24

Kristin
    $200 12
MGM

Kristin
    $200 6
(Joan: What is Ka--Kansas City?)
(Kristin: What is Topeka?)

Wichita

KristinJoan
Triple Stumper
    $200 11
an owl (in knowledge)

Kristin
    $400 2
[Alex reads "B.B." as "Big Brother".]

Nineteen Eighty-Four

Kristin
    $400 21
Kitty Hawk

Kristin
    $400 26
Malcolm

James
    $400 13
higher

James
    $400 7
(Alex: Now is the time for that one, yes.)
(Joan: Yay.)

Kansas City

Joan
    $400 16
crow (in microwave)

Joan
    $600 3
One Flew Over the Cuckoo's Nest

Kristin
    $600 22
Harley-Davidson

James
    $600 27
Will & Grace

James
    $600 14
Guam

Joan
    $600 10
Fargo

Joan
    $600 18
a coot (in scooting)

Kristin
    $800 4
A Tale of Two Cities

Joan
    $800 23
the Stars & Stripes

Triple Stumper
    $800 28
Whoopi Goldberg

James
    $1,000 15
"seize the day"

Joan
    $800 9
Wilmington

Joan
    $800 19
a raven (in intravenously)

Kristin
    $1000 5
Madame Bovary

Joan
    $1000 25
(James: Uh, what is Huffy?)

Schwinn

James
Triple Stumper
    $1000 29
(Kristin: Who is Ray Romano?)

Everybody Loves Raymond

KristinJames
    $1000 30
stand & wait

Joan
    $1000 8
(Joan: What is Bangor?)
(James: Uh, what's Portsmouth?)

Portland

JoanJames
Triple Stumper
    $1000 17
a tern (in afternoon)

Kristin

Scores at the first commercial break (after clue 15):

Kristin Joan James
$1,400 $4,000 -$600

Scores at the end of the Jeopardy! Round:

Kristin Joan James
$3,600 $5,400 $1,800

Double Jeopardy! Round responses

THE 8th CENTURY
MUSIC ACT BY SIBLINGS
(Alex: We'll give you the siblings.)
SC"I"ENCE
(Alex: Each correct response will begin with the letter I.)
SNAP
CRACKLE
POP
    $400 1
a pope

Kristin
    $400 2
inertia

James
    $400 6
the center

Joan
    $400 21
pork

James
    $400 11
Tarzan (of the Apes)

Joan
    $800 12
(Kristin: What is Greenland?)

Iceland

KristinJoan
    $800 3
infertile (or infertility)

Kristin
    $800 7
lions

James
    $800 22
carbon dioxide

Kristin
    $800 17
Casterbridge

Joan
    $1200 13
(Kristin: What is Edo?)
(Joan: What is Osaka?)

Kyoto

KristinJoanJames
    $1200 23
(Alex: And we have less than a minute to go now, Kristin.)

Kings of Leon

Triple Stumper
    $1200 4
iodine

James
    $1200 8
spaying & neutering

Joan
    $1200 26
peanut brittle

Kristin
    $2,200 18
King Lear

Joan
    $1600 14
(Alex: [*], that's the hat.)

Fez

Kristin
    $1600 24
(James: Uh, who are the Pointer Sisters?)

Sister Sledge

James
Triple Stumper
    $2,000 5
(James: What is...)
(Alex: Hurry.)
[The time expiry signal sounds.]

igneous

James
    $1600 9
The Killing

Kristin
    $1600 27
crème brûlée

Kristin
    $1600 19
Rosemary's Baby

Joan
    $2000 15
the Venerable Bede

Joan
    $2000 25
(Kristin: Who are the Cranberries?)

the Corrs

Kristin
Triple Stumper
    $2000 10
the ionosphere

Joan
    $2000 16
Malaysia

Joan
    $2000 28
[The end-of-round signal sounds.]

nori

James
    $2000 20
(James: Uh, what is Middlesex?)
...
(Alex: Joan, did you know that?)
(Joan: I guessed it.)
(Alex: Yeah, all right, go again.)

The Virgin Suicides

James
Triple Stumper

Scores at the end of the Double Jeopardy! Round:

Kristin Joan James
$7,600 $17,600 $2,200
(lock game)

[wagering suggestions for these scores]

Final Jeopardy! Round responses

RECENT OSCAR WINNERS
(Alex: Kristin, I misspoke at the beginning of the program. I said no matter what, you'd be coming back in the Tournament of Champions in two weeks. It's four weeks; two weeks from now, we have the Teen Tournament.)
JamesWhat is The Last King of Scot
$2,199
KristinWhat is The King's Speech
$3,199
JoanWhat is ?
$600
Slumdog Millionaire

Final scores:

Kristin Joan James
$4,401 $17,000 $1
2nd place: $2,000 New champion: $17,000 3rd place: $1,000

Game dynamics:

Coryat scores:

Kristin Joan James
$7,600 $16,400 $4,200
18 R,
5 W
19 R
(including 2 DDs),
3 W
12 R,
5 W
(including 1 DD)

Combined Coryat: $28,200

[game clues] [game scores] [suggest correction]

Game tape date: 2012-10-16
The J! Archive is created by fans, for fans. Scraping, republication, monetization, and malicious use prohibited; this site may use cookies and collect identifying information. See terms. The Jeopardy! game show and all elements thereof, including but not limited to copyright and trademark thereto, are the property of Jeopardy Productions, Inc. and are protected under law. This website is not affiliated with, sponsored by, or operated by Jeopardy Productions, Inc. Join the discussion at JBoard.tv.